000 00792nam a2200241 i 4500
001 105693
003 ES-MaACL
005 20250804074808.0
007 t|
008 060807s1962 ag ||||1| spa d
080 _a1(460)"19"
100 1 _aAraquistáin, Luis,
_d1886-1959
_922345
245 1 3 _aEl pensamiento español contemporáneo /
_cLuis Araquistáin ; prólogo de Luis Jiménez de Asúa.
260 _aBuenos Aires :
_bLosada,
_c[1962]
300 _a192 p. ;
_c20 cm.
490 1 _aCristal del tiempo
500 _aBiblioteca Juan Andrade.
650 7 _aFilosofía-
_zEspaña-
_yS.XX
_2
_9143004
700 1 _aJiménez de Asúa, Luis,
_d1889-1970
_966491
830 0 _aCristal del tiempo
_9185072
852 _aES-MaACL
_jAND-506
_bR.109819
999 _c105693
_d105693